Cricket: Players to Appear on Both Lord's Honours Boards - Statistics

General Stats
  • This quiz has been taken 35 times
    29 since last reset
  • The average score is 5 of 9
Answer Stats
Country Year Achieved Batting Bowling Answer % Correct
ENG 1978 108 8/34, 6/101, 5/39, 5/35, 5/46, 8/103, 6/90, 5/109 Lord Ian Botham
86%
ENG 2012 169 7/72, 7/44 Stuart Broad
86%
ENG 2009 142, 123 5/92 Andrew Flintoff
82%
ENG 2018 137* 6/70, 5/32, 6/17 Chris Woakes
79%
ENG 2017 101, 115* 6/22 Ben Stokes
75%
IND 1952 184 5/196 Vinoo Mankad
39%
AUS 1956 109 5/72, 5/80 Keith Miller
29%
ENG 1969 113 6/29 Ray Illingworth
14%
ENG 1931 122 5/35, 5/43 Gubby Allen
7%
No matching quizzes found
Score Distribution
Percent of People with Each Score
Percentile by Number Answered
Your Score History
You have not taken this quiz since the last reset